000 00357nam a2200133Ia 4500
008 240624s9999 xx 000 0 und d
041 _aeng
082 _a658.048 DRU
100 _aDRUCKER PETER F
245 _aMANAGING THE NONPROFIT ORGANIZATION PRIN
260 _c2005
_aNew York
_bHarperCollins
300 _axix, : 235 : p. : cm. ; 20
365 _cRS
_b25
999 _c23183
_d23183